000 01594nam a22001457a 4500
008 150629b xxu||||| |||| 00| 0 eng d
020 _a1858360188
050 _aKF505.ZC2D63
245 _aFamily Law. /
_cedited by Malcolm Dodds
260 _aGreat Britain:
_bOld Bailey Press,
_c1994.
300 _axviii,358p.
_c23cm;
500 _aIncludes index.
505 _aContents: Alphabetical table of statutes -- Married women's property act 1882 -- Children and young persons act 1933 -- Children and young persons acts 1933 -- Education act 1944 -- Marriage Act 1949 -- Marriage (Enabling) Act 1960 -- Married women's property act 1964 -- Civil evidence act 1968 -- Family law reform act1969 -- Law reform(Miscellaneous provisions) act 1970 -- Marriage (registrar general's licence) act 1970 -- Matrimonial proceedings and property act 1970 -- Matrimonial causes act 1973 -- Domicile and matrimonial proceedings act 1973 -- Inheritance (provision for family and dependents) Acts 1975 -- Legitimacy act 1976 Adoption act 1976 -- Domestic violence and matrimonial proceedings acts 1976 -- Domestic proceedings and magistrates courts act 1978 -- Interpretation act 1978 -- Matrimonial home acts 1983 -- Marriage act 1984 -- Child abduction act -- Surrogacy arrangements act 1985 -- Marriage (prohibited degrees of relationship) act 1986 -- Insolvency act 1986 -- Family law reform act 1989 -- Children act 1989 -- Human fertilization and embryology act 1910 -- Child support act 1991 -- Social security contributions and benefits acts 1992 -- Social security administration.
942 _2lcc
_cBK
999 _c5584
_d13084